000 00632nam a22001817a 4500
020 _qHard Cover.
082 _a621.3
100 _aHassan, Zaid Chaudhry ; Muhammad Asad Haider.
245 _aINSTANCE SEGMENTATION FOR AUTONOMOUS VEHICLES
_cZaid Hassan Chaudhry ; Muhammad Asad Haider.
260 _aIslamabad :
_bSEECS - NUST,
300 _a42 p. : ill. ;
_c30cm.
563 _aHB
650 _aElectrical Engineering-Project Report.
_930780
700 _aDr. Muhammad Shahzad.
856 _uhttp://10.250.8.41:8080/xmlui/handle/123456789/29524
942 _2ddc
_cPR
999 _c535910
_d535910